| 000 | 00884nas a2200277 4500 | ||
|---|---|---|---|
| 001 | BR9213786 | ||
| 003 | BR-BrBNA | ||
| 005 | 20231205095122.0 | ||
| 007 | ta | ||
| 008 | 230509b bl.|||p| |||| 00| 00por d | ||
| 040 |
_aBR-BrBNA _bpor _cBiblioteca Nacional de Agricultura |
||
| 041 | _a(Pt) | ||
| 072 | _aL02 | ||
| 100 | 1 | _aFaria, P.F.L. | |
| 100 | 1 | _aCarvalho, E.M.R. de | |
| 100 | 1 | _aLima, C.R. | |
| 100 | 1 | _aCarvalho, S.R. de | |
| 245 | 1 | _aUso de cama de frango e da silagem de miho na alimentacao de novilhas leiteiras durante a estacao seca | |
| 650 | _aNovilho Leiteiro | ||
| 650 | _aCapim Gordura | ||
| 650 | _aNutricao Animal | ||
| 650 | _aSuplemento Alimentar | ||
| 773 | 0 |
_tPesquisa Agropecuaria Brasileira. Serie Zootecnia (Brazil) _xISSN 0304-372X _g(1975), v. 10(4) p. 37-41 _wBR9213786 |
|
| 909 |
_a202311 _bLúcia _c55 _dLúcia Elande |
||
| 942 |
_2AGRIS _n0 _cANA |
||
| 999 |
_c148785 _d148785 |
||